|
|
|
|
| LEADER |
00000nab a2200000 a 4500 |
| 001 |
vtls000628043 |
| 003 |
SK-MaSNL |
| 005 |
20260318123942.0 |
| 008 |
201103c1997 xo 0 hun |
| 015 |
|
|
|a SNBRB19rr/mm-uuuuu
|
| 035 |
|
|
|a CL0628182
|
| 040 |
|
|
|a SNKBUCL
|b slo
|c SNKBUCL
|e AACR2
|
| 041 |
0 |
|
|a hun
|
| 044 |
|
|
|a xo
|c SK
|
| 080 |
|
|
|a 371.262
|2 1981
|
| 080 |
|
|
|a 376.7(437.6=945.11)
|2 1981
|
| 245 |
0 |
0 |
|a Lesznek kétnyelvű bizonyítványok?
|b Csupán töredéke a jogtalanságoknak... ; Aut. Sándor Tóth, József Mács, Jolán Bračok, Alexander Babik, Szilvia S. Forgon
|
| 300 |
|
|
|b Fotogr. 4
|
| 650 |
0 |
7 |
|a školstvo národnostné maďarské
|2 snkbucl
|9 893806
|
| 651 |
|
7 |
|a Slovensko
|2 SNKPHgeo
|9 14231
|
| 655 |
|
7 |
|a články z novín a časopisov
|2 snkbucl
|9 267496
|
| 700 |
1 |
|
|a Tóth, Sándor
|4 aut
|9 349167
|
| 700 |
1 |
|
|a Mács, József,
|d 1931-2017
|4 aut
|9 193257
|
| 700 |
1 |
|
|a Bračok, Jolán
|4 aut
|9 1324329
|
| 700 |
1 |
|
|a Babik, Alexander
|4 aut
|9 1324330
|
| 700 |
1 |
|
|a Forgon, Szilvia S.
|4 aut
|9 898669
|
| 773 |
0 |
|
|t Vasárnap
|g Roč. 30, č. 26 (1997), s. 2
|
| 850 |
|
|
|a Slovenská národná knižnica v Martine
|a DSG001
|
| 852 |
|
|
|a SNK
|b KIS3GCP
|
| 958 |
|
|
|a HU
|
| 958 |
|
|
|a SK
|
| 958 |
|
|
|a RK
|
| 958 |
|
|
|a RBX
|
| 999 |
|
|
|c 2671913
|d 2673843
|